书目信息 |
| 题名: |
魅力中国
|
|
| 作者: | 石昌鸿 编著 | |
| 分册: | ||
| 出版信息: | 北京 电子工业出版社 2018 |
|
| 页数: | 1册 | |
| 开本: | 26cm | |
| 丛书名: | ||
| 单 册: | ||
| 中图分类: | P462 | |
| 科图分类: | ||
| 主题词: | 二十四节气--基本知识 | |
| 电子资源: | ||
| ISBN: | 978-7-121-34097-0 | |
| 000 | 00857nam0 2200241 450 | |
| 001 | 012001000750 | |
| 005 | 20131106163622.0 | |
| 010 | @a978-7-121-34097-0@b精装@dCNY168.00 | |
| 100 | @a20181114d2018 em y0chiy50 ea | |
| 101 | 0 | @achi |
| 102 | @aCN@b110000 | |
| 105 | @aa z 000yy | |
| 106 | @ar | |
| 200 | 1 | @a魅力中国@Amei li zhong guo@e二十四节气@f石昌鸿编著 |
| 210 | @a北京@c电子工业出版社@d2018 | |
| 215 | @a1册@c彩图@d26cm@e1手册(23页;19cm) | |
| 330 | @a二十四节气是我国传统文化的精华,汇集了古人对生活的智慧和结晶,了解二十四节气知识,对于传承中华文化、服务百姓生活无疑有着重要意义。本书作者用自己的的方式来解读二十四节气。 | |
| 517 | 1 | @a二十四节气@Aer shi si jie qi |
| 606 | 0 | @a二十四节气@x基本知识 |
| 690 | @aP462@v5 | |
| 701 | 0 | @a石昌鸿@Ashi chang hong@4编著 |
| 801 | 0 | @aCN@b北京卓展文化@c20191020 |
| 905 | @b1196767-8@dP462@e144@f2 | |
| 魅力中国:二十四节气/石昌鸿编著.-北京:电子工业出版社,2018 |
| 1册:彩图;26cm+1手册(23页;19cm) |
| ISBN 978-7-121-34097-0(精装):CNY168.00 |
| 二十四节气是我国传统文化的精华,汇集了古人对生活的智慧和结晶,了解二十四节气知识,对于传承中华文化、服务百姓生活无疑有着重要意义。本书作者用自己的的方式来解读二十四节气。 |
| ● |
| 相关链接 |
|
|
|
|
正题名:魅力中国
索取号:P462/144
 
预约/预借
| 序号 | 登录号 | 条形码 | 馆藏地/架位号 | 状态 | 备注 |
| 1 | 1196767 | 211967674 | 第二样本阅览室/ [索取号:P462/144] | 在馆 | |
| 2 | 1196768 | 211967683 | 第三借阅区/ [索取号:P462/144] | 在馆 |